De memorias, arcanos y otros poemas
Salvato in:
| Autore principale: | |
|---|---|
| Natura: | Libro |
| Lingua: | spagnolo |
| Pubblicazione: |
Viña del Mar
Ediciones Altazor
2013
|
| Edizione: | 1a. ed |
| Soggetti: | |
| Tags: |
Aggiungi Tag
Nessun Tag, puoi essere il primo ad aggiungerne!!
|
MARC
| LEADER | 00000cam a2200000 a 4500 | ||
|---|---|---|---|
| 001 | UCE4338 | ||
| 003 | CL-VaPUC | ||
| 008 | 141023e20130000cl |||||||||||||||||spa|d | ||
| 020 | |a 9789569205286 | ||
| 082 | 0 | 4 | |a Ch861 |b SAL |2 21 |
| 100 | 0 | |a Salinas Bruzzone, Carlos |e author |9 576920 | |
| 245 | 1 | 0 | |a De memorias, arcanos y otros poemas |
| 250 | |a 1a. ed | ||
| 300 | |a 160 p | ||
| 942 | |c BK | ||
| 945 | |d 20141023 15:21:00 |a dcastane | ||
| 260 | |a Viña del Mar |b Ediciones Altazor |c 2013 | ||
| 650 | 0 | |a Poesías chilenas |9 265280 | |
| 650 | 0 | |a Literatura chilena |9 308278 | |
| 583 | |a last modification |c 20141023 15:21:00 |k Rodrigo Vera | ||
| 999 | |c 357336 |d 357334 | ||
| 952 | |0 0 |1 0 |3 erb |4 0 |6 CH_861_000000000000000_SAL_2013 |7 0 |8 A |9 465224 |a BIBGIM |b BIBGIM |i 5119685 |o Ch861 SAL 2013 |p 5119685 |r 2025-01-15 |w 2019-11-23 |y BK |z Catalogado en:20141023 |k ARA | ||